Normal view MARC view
  • MYERS, DANNY.

Entry Personal Name

Number of records used in: 1

001 - CONTROL NUMBER

  • control field: 86072

003 - CONTROL NUMBER IDENTIFIER

  • control field: NUST

005 - DATE AND TIME OF LATEST TRANSACTION

  • control field: 20211208123506.0

008 - FIXED-LENGTH DATA ELEMENTS

  • fixed length control field: 211208|| aca||aabn | a|a d

040 ## - CATALOGING SOURCE

  • Original cataloging agency: NUST
  • Transcribing agency: NUST

100 ## - HEADING--PERSONAL NAME

  • Personal name: MYERS, DANNY.
  • Dates associated with a name: 2017

670 ## - SOURCE DATA FOUND

  • Source citation: Work cat.: (NUST): MYERS, DANNY. 2017., CONSTRUCTION ECONOMICS /, 2017.
© 2023 Central Library, National University of Sciences and Technology. All Rights Reserved.